<?xml version="1.0" encoding="UTF-8"?>
<record
    xmlns:xsi="http://www.w3.org/2001/XMLSchema-instance"
    xsi:schemaLocation="http://www.loc.gov/MARC21/slim http://www.loc.gov/standards/marcxml/schema/MARC21slim.xsd"
    xmlns="http://www.loc.gov/MARC21/slim">

  <leader>03406nam a22002537a 4500</leader>
  <controlfield tag="005">20230124143130.0</controlfield>
  <controlfield tag="008">230123b           ||||| |||| 00| 0 eng d</controlfield>
  <datafield tag="020" ind1=" " ind2=" ">
    <subfield code="a">9788126724093</subfield>
  </datafield>
  <datafield tag="040" ind1=" " ind2=" ">
    <subfield code="c">AL</subfield>
  </datafield>
  <datafield tag="041" ind1=" " ind2=" ">
    <subfield code="a">hin</subfield>
  </datafield>
  <datafield tag="082" ind1=" " ind2=" ">
    <subfield code="2">23</subfield>
    <subfield code="a">H891.1</subfield>
    <subfield code="b">KAMP</subfield>
  </datafield>
  <datafield tag="100" ind1=" " ind2=" ">
    <subfield code="a">Aruna Kamal: &#x905;&#x930;&#x941;&#x923;&#x93E; &#x915;&#x92E;&#x932; </subfield>
    <subfield code="9">69713</subfield>
  </datafield>
  <datafield tag="100" ind1=" " ind2=" ">
    <subfield code="9">69650</subfield>
    <subfield code="d">Prem Ranjan Animesh: &#x92A;&#x94D;&#x930;&#x947;&#x92E; &#x930;&#x902;&#x91C;&#x928; &#x905;&#x928;&#x93F;&#x92E;&#x947;&#x937; Ed</subfield>
  </datafield>
  <datafield tag="245" ind1=" " ind2=" ">
    <subfield code="a">Pratinidhi kavitayen: &#x92A;&#x94D;&#x930;&#x924;&#x93F;&#x928;&#x93F;&#x927;&#x93F; &#x915;&#x935;&#x93F;&#x924;&#x93E;&#x90F;&#x901; </subfield>
  </datafield>
  <datafield tag="260" ind1=" " ind2=" ">
    <subfield code="a">Dilli</subfield>
    <subfield code="b">Rajkamal Prakashan</subfield>
    <subfield code="c">2021</subfield>
  </datafield>
  <datafield tag="300" ind1=" " ind2=" ">
    <subfield code="a">120p.</subfield>
    <subfield code="b">PB</subfield>
    <subfield code="c">17x12cm.</subfield>
  </datafield>
  <datafield tag="365" ind1=" " ind2=" ">
    <subfield code="2">Hindi</subfield>
    <subfield code="a">1831</subfield>
    <subfield code="b">63.00</subfield>
    <subfield code="c">&#x20B9;</subfield>
    <subfield code="d">75.00</subfield>
    <subfield code="e">15%</subfield>
    <subfield code="f">11-12-2022</subfield>
  </datafield>
  <datafield tag="520" ind1=" " ind2=" ">
    <subfield code="a">&#x905;&#x930;&#x941;&#x923; &#x915;&#x92E;&#x932; &#x915;&#x940; &#x915;&#x935;&#x93F;&#x924;&#x93E; &#x915;&#x93E; &#x909;&#x930;&#x94D;&#x935;&#x930; &#x92A;&#x94D;&#x930;&#x926;&#x947;&#x936; &#x932;&#x917;&#x92D;&#x917; &#x92A;&#x93E;&#x901;&#x91A; &#x926;&#x936;&#x915;&#x94B;&#x902; &#x92E;&#x947;&#x902; &#x92B;&#x948;&#x932;&#x93E; &#x939;&#x941;&#x906; &#x939;&#x948;&#x964; &#x905;&#x930;&#x941;&#x923; &#x915;&#x92E;&#x932; &#x915;&#x940; &#x915;&#x935;&#x93F;&#x924;&#x93E; &#x92E;&#x947;&#x902; &#x909;&#x938; &#x905;&#x92D;&#x93F;&#x928;&#x935; &#x915;&#x93E;&#x935;&#x94D;&#x92F;-&#x938;&#x92E;&#x94D;&#x92D;&#x93E;&#x935;&#x928;&#x93E; &#x915;&#x93E; &#x906;&#x926;&#x94D;&#x92F;&#x915;&#x94D;&#x937;&#x930; &#x914;&#x930; &#x909;&#x938;&#x915;&#x93E; &#x92A;&#x942;&#x930;&#x93E; &#x915;&#x915;&#x939;&#x930;&#x93E; &#x926;&#x93F;&#x916;&#x93E;&#x908; &#x92A;&#x921;&#x93C;&#x924;&#x93E; &#x939;&#x948;, &#x91C;&#x93F;&#x938;&#x938;&#x947; &#x939;&#x93F;&#x928;&#x94D;&#x926;&#x940; &#x915;&#x935;&#x93F;&#x924;&#x93E; &#x915;&#x93E; &#x928;&#x92F;&#x93E; &#x91A;&#x947;&#x939;&#x930;&#x93E; &#x906;&#x915;&#x93E;&#x930; &#x932;&#x947;&#x924;&#x93E; &#x92A;&#x94D;&#x930;&#x924;&#x940;&#x924; &#x939;&#x94B;&#x924;&#x93E; &#x939;&#x948;&#x964; &#x905;&#x930;&#x941;&#x923; &#x915;&#x92E;&#x932; &#x915;&#x940; &#x915;&#x935;&#x93F;&#x924;&#x93E; &#x915;&#x940; &#x92C;&#x939;&#x941;&#x924; &#x92C;&#x921;&#x93C;&#x940; &#x935;&#x93F;&#x936;&#x947;&#x937;&#x91C;&#x94D;&#x91E;&#x924;&#x93E; &#x935;&#x939; &#x905;&#x92A;&#x928;&#x924;&#x94D;&#x935; &#x939;&#x948; &#x91C;&#x94B; &#x92C;&#x939;&#x941;&#x924; &#x939;&#x926; &#x924;&#x915; &#x909;&#x928;&#x915;&#x947; &#x935;&#x94D;&#x92F;&#x915;&#x94D;&#x924;&#x93F;&#x924;&#x94D;&#x935; &#x915;&#x93E; &#x939;&#x940; &#x939;&#x93F;&#x938;&#x94D;&#x938;&#x93E; &#x939;&#x948;&#x964; &#x909;&#x928;&#x915;&#x940; &#x915;&#x935;&#x93F;&#x924;&#x93E;&#x913;&#x902; &#x938;&#x947; &#x939;&#x94B;&#x915;&#x930; &#x917;&#x941;&#x91C;&#x93C;&#x930;&#x928;&#x93E; &#x90F;&#x915; &#x905;&#x924;&#x94D;&#x92F;&#x928;&#x94D;&#x924; &#x906;&#x924;&#x94D;&#x92E;&#x940;&#x92F; &#x938;&#x94D;&#x935;&#x91C;&#x928;
&#x915;&#x947; &#x938;&#x93E;&#x925; &#x90F;&#x915; &#x905;&#x935;&#x93F;&#x938;&#x94D;&#x92E;&#x930;&#x923;&#x940;&#x92F; &#x92F;&#x93E;&#x924;&#x94D;&#x930;&#x93E; &#x939;&#x948;&#x964; &#x905;&#x930;&#x941;&#x923; &#x915;&#x92E;&#x932; &#x915;&#x940; &#x915;&#x935;&#x93F;&#x924;&#x93E;&#x90F;&#x901; &#x90F;&#x915; &#x938;&#x93E;&#x925; &#x905;&#x928;&#x941;&#x92D;&#x935;&#x91C;&#x928;&#x94D;&#x92F; &#x939;&#x948;&#x902; &#x914;&#x930; &#x905;&#x928;&#x941;&#x92D;&#x935;&#x938;&#x941;&#x932;&#x92D;&#x964; &#x905;&#x928;&#x91B;&#x941;&#x90F; &#x92C;&#x93F;&#x92E;&#x94D;&#x92C;, &#x905;&#x92D;&#x93F;&#x928;&#x94D;&#x928; &#x92A;&#x930; &#x915;&#x941;&#x91B; &#x905;&#x932;&#x917; &#x938;&#x947;, &#x905;&#x930;&#x941;&#x923; &#x915;&#x92E;&#x932; &#x915;&#x947; &#x915;&#x93E;&#x935;&#x94D;&#x92F;-&#x91C;&#x917;&#x924; &#x92E;&#x947;&#x902; &#x938;&#x939;&#x91C; &#x939;&#x940; &#x927;&#x94D;&#x92F;&#x93E;&#x928; &#x916;&#x940;&#x902;&#x91A;&#x924;&#x947; &#x939;&#x948;&#x902; &#x914;&#x930; &#x905;&#x92A;&#x928;&#x947; &#x938;&#x92E;&#x915;&#x93E;&#x932;&#x940;&#x928;&#x94B;&#x902; &#x92E;&#x947;&#x902; &#x909;&#x928;&#x94D;&#x939;&#x947;&#x902; &#x90F;&#x915; &#x905;&#x932;&#x917; &#x92A;&#x939;&#x91A;&#x93E;&#x928; &#x926;&#x947;&#x924;&#x947; &#x939;&#x948;&#x902;&#x964; &#x905;&#x930;&#x941;&#x923; &#x915;&#x92E;&#x932; &#x915;&#x940; &#x938;&#x92C;&#x938;&#x947; &#x938;&#x927;&#x940; &#x915;&#x935;&#x93F;&#x924;&#x93E;&#x913;&#x902; &#x92E;&#x947;&#x902; &#x905;&#x928;&#x928;&#x94D;&#x92F; &#x905;&#x930;&#x94D;&#x925;&#x917;&#x94C;&#x930;&#x935; &#x914;&#x930; &#x905;&#x928;&#x941;&#x917;&#x942;&#x901;&#x91C; &#x939;&#x948;&#x964; &#x92F;&#x939; &#x905;&#x930;&#x94D;&#x925;&#x917;&#x941;&#x930;&#x941;&#x924;&#x93E; &#x92F;&#x93E; &#x905;&#x930;&#x94D;&#x925;&#x917;&#x939;&#x928;&#x924;&#x93E; &#x91C;&#x93F;&#x938;&#x938;&#x947; &#x915;&#x935;&#x93F;&#x924;&#x93E; &#x92A;&#x928;&#x94D;&#x928;&#x947; &#x92A;&#x930; &#x91C;&#x939;&#x93E;&#x901; &#x916;&#x93C;&#x924;&#x94D;&#x92E; &#x939;&#x94B;&#x924;&#x940; &#x939;&#x948;, &#x935;&#x939;&#x93E;&#x901; &#x916;&#x93C;&#x924;&#x94D;&#x92E; &#x928;&#x939;&#x940;&#x902; &#x939;&#x94B;&#x924;&#x940; &#x92C;&#x932;&#x94D;&#x915;&#x93F; &#x905;&#x92A;&#x928;&#x947; &#x905;&#x930;&#x94D;&#x925; &#x914;&#x930; &#x905;&#x938;&#x930; &#x915;&#x940; &#x905;&#x928;&#x941;&#x917;&#x942;&#x901;&#x91C;&#x94B;&#x902; &#x938;&#x947; &#x92A;&#x922;&#x93C;&#x928;&#x947;, &#x938;&#x941;&#x928;&#x928;&#x947;&#x935;&#x93E;&#x932;&#x94B;&#x902; &#x915;&#x947; &#x92E;&#x928;-&#x92E;&#x93E;&#x928;&#x938; &#x92E;&#x947;&#x902; &#x905;&#x92A;&#x928;&#x947; &#x915;&#x94B; &#x92B;&#x93F;&#x930; &#x938;&#x947; &#x938;&#x943;&#x91C;&#x93F;&#x924; &#x915;&#x930;&#x924;&#x940; &#x939;&#x948;&#x964; &#x915;&#x935;&#x93F; &#x915;&#x93E; &#x938;&#x924;&#x924; &#x938;&#x943;&#x91C;&#x928;-&#x915;&#x930;&#x94D;&#x92E; &#x909;&#x938;&#x915;&#x940; &#x907;&#x938;&#x940; &#x905;&#x92A;&#x94D;&#x930;&#x924;&#x93F;&#x939;&#x924; &#x935;&#x93F;&#x915;&#x93E;&#x938;-&#x92F;&#x93E;&#x924;&#x94D;&#x930;&#x93E; &#x915;&#x947; &#x92A;&#x94D;&#x930;&#x924;&#x93F; &#x906;&#x936;&#x94D;&#x935;&#x938;&#x94D;&#x924; &#x915;&#x930;&#x924;&#x93E; &#x939;&#x948;&#x964;</subfield>
  </datafield>
  <datafield tag="650" ind1=" " ind2=" ">
    <subfield code="a">Hindi Poetry: &#x939;&#x93F;&#x902;&#x926;&#x940; &#x915;&#x935;&#x93F;&#x924;&#x93E; </subfield>
    <subfield code="9">69638</subfield>
  </datafield>
  <datafield tag="650" ind1=" " ind2=" ">
    <subfield code="a">Hindi Literature: &#x939;&#x93F;&#x902;&#x926;&#x940; &#x938;&#x93E;&#x939;&#x93F;&#x924;&#x94D;&#x92F; </subfield>
    <subfield code="9">69639</subfield>
  </datafield>
  <datafield tag="700" ind1=" " ind2=" ">
    <subfield code="a">KAMAL (Arun): &#x915;&#x92E;&#x932; (&#x905;&#x930;&#x941;&#x923;&#x93E;)</subfield>
    <subfield code="9">69640</subfield>
  </datafield>
  <datafield tag="700" ind1=" " ind2=" ">
    <subfield code="a">ANIMESH (Prem Ranjan): &#x905;&#x928;&#x93F;&#x92E;&#x947;&#x937; (&#x92A;&#x94D;&#x930;&#x947;&#x92E; &#x930;&#x902;&#x91C;&#x928;) Ed</subfield>
    <subfield code="9">69658</subfield>
  </datafield>
  <datafield tag="942" ind1=" " ind2=" ">
    <subfield code="2">ddc</subfield>
    <subfield code="c">BK</subfield>
  </datafield>
  <datafield tag="999" ind1=" " ind2=" ">
    <subfield code="c">226408</subfield>
    <subfield code="d">226408</subfield>
  </datafield>
  <datafield tag="952" ind1=" " ind2=" ">
    <subfield code="0">0</subfield>
    <subfield code="1">0</subfield>
    <subfield code="2">ddc</subfield>
    <subfield code="4">0</subfield>
    <subfield code="7">0</subfield>
    <subfield code="8">HIN</subfield>
    <subfield code="a">AL</subfield>
    <subfield code="b">AL</subfield>
    <subfield code="d">2023-01-23</subfield>
    <subfield code="e">Vidya Vihar Govind Nagar Kanpur 208006</subfield>
    <subfield code="g">63.00</subfield>
    <subfield code="l">1</subfield>
    <subfield code="o">H891.1 KAMP</subfield>
    <subfield code="p">076327</subfield>
    <subfield code="r">2023-09-30 00:00:00</subfield>
    <subfield code="s">2023-09-25</subfield>
    <subfield code="v">75.00</subfield>
    <subfield code="w">2023-01-23</subfield>
    <subfield code="y">BK</subfield>
  </datafield>
</record>
